| 000 | 00498nam a2200169Ia 4500 | ||
|---|---|---|---|
| 999 |
_c21078 _d21078 |
||
| 003 | OSt | ||
| 005 | 20200612124242.0 | ||
| 008 | 190216s9999||||xx |||||||||||||| ||und|| | ||
| 020 | _a8177557467 | ||
| 040 | _coclc | ||
| 082 |
_a181.4 _bPRA/S |
||
| 100 |
_aPrabhavananda, Swami _92839 |
||
| 245 | 4 |
_aThe Spiritual Heritage Of India / _cSwami Prabhavananda |
|
| 260 |
_bCosmos Publishers, _aNew Delhi: _c2003. |
||
| 300 | _a361p | ||
| 942 |
_cBK _2ddc _h181.4 _iPRA/S _k181.4 _mPRA/S |
||